Satunnaisia pääsarjatason urheiluseuroja - tunnista logo - Statistics

Yleistilastot
  • Tätä visaa on pelattu 61 kertaa
    54 viimeisimmän päivityksen jälkeen
  • Keskiarvotulos 9 / 20
Vastaustilastot
Kuvavisa Vastaus % Oikein
Ässät
100%
Hämeenlinnan Pallokerho
100%
Helsinki Seagulls
100%
Kiekko-Espoo
100%
Pelicans
100%
Rauman Lukko
90%
Tappara
88%
Mikkelin Jukurit
86%
Tampereen Ilves
86%
Helsingin IFK
83%
Oulun Kärpät
83%
Turun Palloseura
82%
JymyVolley
80%
JYP
80%
Korihait
80%
KTP-Basket
80%
SaiPa
80%
Vaasan Sport
80%
Kokkolan Tiikerit
78%
FBC Loisto
75%
Happee
75%
KalPa
75%
KooKoo
75%
Seinäjoki Crocodiles
75%
TUTO Volley
75%
Karhu Basket
73%
FC Inter
71%
FC Lahti
71%
IFK Mariehamn
71%
Seinäjoen Jalkapallokerho
71%
Seinäjoen Maila-Jussit
71%
FF Jaro
67%
Joensuun Maila
67%
Kuopion Palloseura
67%
Helsingin Jalkapalloklubi
64%
Alajärven Ankkurit
63%
Koovee
63%
Laitilan Jyske
63%
Nurmon Jymy
63%
Jyväskylän Pallokerho
60%
LP-Vampula
60%
Oulun Luistinseura
60%
Pallokerho-35
60%
Puijo Wolley
60%
Sotkamon Jymy
60%
Hyvinkään Tahko
57%
Nokian Kristityt Palloilijat
57%
Rovaniemen Kiekko
57%
Vimpelin Veto
56%
FC KTP
50%
Fera
50%
HBA-Märsky
50%
Helsinki Roosters
50%
Imatran Pallo-Veikot
50%
Kirittäret
50%
Tampereen Pyrintö
50%
Tampere Saints
50%
Tapiolan Honka
50%
Vaasan Palloseura
50%
Westend Indians
50%
FC Haka
45%
Porvoon Salibandyseura
45%
Esport Oilers
44%
Kyyjärven Kyky-Betset
44%
Seinäjoen Peli-Veljet
44%
Espoo Basket Team
42%
SS Rankat Ankat
40%
AC Oulu
38%
EräViikingit
38%
LASB
38%
Manse PP
38%
Pattijoen Urheilijat
38%
Savo Volley
38%
IF Gnistan
36%
Porin Pesäkarhut
36%
Kataja Basket
33%
Kempeleen Kiri
33%
Kouvottaret
33%
Salon Vilpas
33%
Kobrat
29%
Kouvolan Pallonlyöjät
29%
LiigaPloki
29%
Pölkky Kuusamo
27%
Kouvot
25%
Pöytyän Urheilijat
25%
Raision Loimu
25%
Hurrikaani-Loimaa
22%
Mailattaret
22%
Torpan Pojat
22%
East City Giants
20%
Forssan Alku
20%
LP-Viesti Salo
20%
O2-Jyväskylä
20%
Oriveden Ponnistus
20%
SC Classic
20%
Turku Trojans
20%
Åland United
18%
Kiteen Pallo -90
18%
Kuopio Steelers
18%
Wasa Royals
14%
Arctic Volley
13%
FBC Turku
11%
Helsingin Palloseura
9%
Roihuttaret
9%
Ådalens IF
0%
Akaa-Volley
0%
Basketball Club Nokia
0%
Hämeenlinnan Lentopallokerho
0%
Haminan Palloilijat
0%
Helsinki Wolverines
0%
IFK Vasa
0%
Karelian Hurmos
0%
Loimaan Korikonkarit
0%
LP Kangasala
0%
Peli-Karhut
0%
Porvoon Butchers
0%
SB-Pro
0%
Team Kuortane
0%
Vammalan Lentopallo
0%
Welhot
0%
Ehtoja vastaavia visoja ei löytynyt
Tulosjakauma
Jokaisen tuloksen saaneiden osuus
Persentiili vastausten määrän mukaan
Tuloshistoriasi
Et ole pelannut tätä visaa sen viimeisimmän päivityksen jälkeen